Modern short stories

Salvato in:
Dettagli Bibliografici
Autore principale: Thornley, G. C (Autore)
Natura: Libro
Lingua:inglese
Pubblicazione: Essex Longman 1967
Serie:Longman Structural Readers, 6
Soggetti:
Tags: Aggiungi Tag
Nessun Tag, puoi essere il primo ad aggiungerne!!

MARC

LEADER 00000nam a2200000 a 4500
001 UCR9051
003 CL-VaPUC
008 980613e19670000uk |||||||||||||||||eng|d
082 0 4 |a 823  |b THO  |2 21 
100 0 |a Thornley, G. C  |e author  |9 411193 
245 1 0 |a Modern short stories 
300 |a 73 p 
942 |c BK 
945 |d 19980613 00:00:00  |a aalvarez 
260 |a Essex  |b Longman  |c 1967 
650 0 |a Cuentos ingleses  |9 265135 
650 0 |a Cuentos estadounidenses  |9 265133 
583 |a last modification  |c 20171121 12:16:22  |k Rodrigo Vera 
490 0 |a Longman Structural Readers, 6 
999 |c 270299  |d 270297 
952 |0 0  |1 0  |4 0  |6 823_000000000000000_THO_1967  |7 0  |8 A  |9 304510  |a BIBEDU  |b BIBEDU  |d 2019-11-20  |i 3436594  |o 823 THO 1967  |p 3436594  |r 2019-11-20  |w 2019-11-20  |y BK  |k LIT 
952 |0 0  |1 0  |4 0  |6 823_000000000000000_THO_1967  |7 0  |8 A  |9 304511  |a BIBEDU  |b BIBEDU  |d 2019-11-20  |i 3436608  |o 823 THO 1967  |p 3436608  |r 2019-11-20  |w 2019-11-20  |y BK  |k LIT 
952 |0 0  |1 0  |4 0  |6 823_000000000000000_THO_1967  |7 0  |8 A  |9 304512  |a BIBEDU  |b BIBEDU  |d 2019-11-20  |i 3436616  |o 823 THO 1967  |p 3436616  |r 2019-11-20  |w 2019-11-20  |y BK  |k LIT 
952 |0 0  |1 0  |4 0  |6 823_000000000000000_THO_1967  |7 0  |8 A  |9 304513  |a BIBEDU  |b BIBEDU  |d 2019-11-20  |i 3436624  |o 823 THO 1967  |p 3436624  |r 2019-11-20  |w 2019-11-20  |y BK  |k LIT 
952 |0 0  |1 0  |4 0  |6 823_000000000000000_THO_1967  |7 0  |8 A  |9 304514  |a BIBEDU  |b BIBEDU  |d 2019-11-20  |i 3436632  |o 823 THO 1967  |p 3436632  |r 2019-11-20  |w 2019-11-20  |y BK  |k LIT 
952 |0 0  |1 0  |4 0  |6 823_000000000000000_THO_1967  |7 0  |8 A  |9 304515  |a BIBEDU  |b BIBEDU  |d 2019-11-20  |i 3436640  |o 823 THO 1967  |p 3436640  |r 2019-11-20  |w 2019-11-20  |y BK  |k LIT 
952 |0 0  |1 0  |4 0  |6 823_000000000000000_THO_1967  |7 0  |8 A  |9 304516  |a BIBEDU  |b BIBEDU  |d 2019-11-20  |i 3436659  |o 823 THO 1967  |p 3436659  |r 2019-11-20  |w 2019-11-20  |y BK  |k LIT 
952 |0 0  |1 0  |4 0  |6 823_000000000000000_THO_1967  |7 0  |8 A  |9 304517  |a BIBEDU  |b BIBEDU  |d 2019-11-20  |i 3436667  |o 823 THO 1967  |p 3436667  |r 2019-11-20  |w 2019-11-20  |y BK  |k LIT 
952 |0 0  |1 0  |4 0  |6 823_000000000000000_THO_1967  |7 0  |8 A  |9 304518  |a BIBEDU  |b BIBEDU  |d 2019-11-20  |i 3436675  |o 823 THO 1967  |p 3436675  |r 2019-11-20  |w 2019-11-20  |y BK  |k LIT 
952 |0 0  |1 0  |4 0  |6 823_000000000000000_THO_1967  |7 0  |8 A  |9 304519  |a BIBEDU  |b BIBEDU  |d 2019-11-20  |i 145370K  |o 823 THO 1967  |p 145370K  |r 2019-11-20  |w 2019-11-20  |y BK  |k LIT 
952 |0 0  |1 0  |4 0  |6 823_000000000000000_THO_1967  |7 0  |8 A  |9 304520  |a BIBEDU  |b BIBEDU  |d 2019-11-20  |i 1453750  |o 823 THO 1967  |p 1453750  |r 2019-11-20  |w 2019-11-20  |y BK  |k LIT 
952 |0 0  |1 0  |4 0  |6 823_000000000000000_THO_1967  |7 0  |8 A  |9 304521  |a BIBEDU  |b BIBEDU  |d 2019-11-20  |i 1453742  |o 823 THO 1967  |p 1453742  |r 2019-11-20  |w 2019-11-20  |y BK  |k LIT 
952 |0 0  |1 0  |4 0  |6 823_000000000000000_THO_1967  |7 0  |8 A  |9 304522  |a BIBEDU  |b BIBEDU  |d 2019-11-20  |i 1453793  |o 823 THO 1967  |p 1453793  |r 2019-11-20  |w 2019-11-20  |y BK  |k LIT 
952 |0 0  |1 0  |4 0  |6 823_000000000000000_THO_1967  |7 0  |8 A  |9 304523  |a BIBEDU  |b BIBEDU  |d 2019-11-20  |i 1453890  |o 823 THO 1967  |p 1453890  |r 2019-11-20  |w 2019-11-20  |y BK  |k LIT 
952 |0 0  |1 0  |4 0  |6 823_000000000000000_THO_1967  |7 0  |8 A  |9 304524  |a BIBEDU  |b BIBEDU  |d 2019-11-20  |i 145384K  |o 823 THO 1967  |p 145384K  |r 2019-11-20  |w 2019-11-20  |y BK  |k LIT 
952 |0 0  |1 0  |4 0  |6 823_000000000000000_THO_1967  |7 0  |8 A  |9 304525  |a BIBEDU  |b BIBEDU  |d 2019-11-20  |i 1453920  |o 823 THO 1967  |p 1453920  |r 2019-11-20  |w 2019-11-20  |y BK  |k LIT